000 00781nam a2200181 a 4500
008 120416s1997 ||||||||||||||||| || u
020 _a1901396118
050 _aSB 950.95 Pes
100 _aTomlin, C. D. S
245 1 4 _aThe pesticide manual : a world compendium. (11th ed.)
_cedited by C. D. S. Tomlin
250 _a11th ed.
260 _aBracknell, Berks
_bBritish Crop Protection Council
_c1997
300 _axliii, 1606p. : ill.
350 _a0.00
650 _aPESTICIDES--HANDBOOKS, MANUALS, ETC
995 _aREFERENCE BOOKS
_D0.00
_e734316
_FCBU-MAIN LIBRARY (Kitwe)
_H2
_I95.00
_jSB 950.95 Pes
_M2
_UREFERENCE
_y46482
_ZReference Collection
995 _aREFERENCE BOOKS
_D0.00
_e734616
_FCBU-MAIN LIBRARY (Kitwe)
_H1
_I95.00
_jSB 950.95 Pes
_M1
_UREFERENCE
_y47838
_ZReference Collection
999 _c81852
_d81852